=LDR 00000nam 2200000 4500 =001 INLIS000000000019352 =005 20130612114425 =008 ***********************************Ind** =035 ##$$0010-061300000019352 =041 ##$$a Ind =082 ##$$a 620.004 2 =090 ##$$a 620.004 2, Set a =100 ##$$a Setiawan, Rasyid Andalus =245 ##$$a Analisis dan desain struktur dengan program staad III, Rasyid Andalus Setiawan =260 ##$$a 2003 $b Yogyakarta =300 ##$$a viii, 264 hlm, ilus, 23 cm =650 ##$$a Teknik, Ilmu =850 ##$$a NBPNMAT